Gateway to successful career & life planning (Record no. 725)

MARC details
000 -LEADER
fixed length control field 00409nam a2200145Ia 4500
008 - FIXED-LENGTH DATA ELEMENTS--GENERAL INFORMATION
fixed length control field 230312s9999||||xx |||||||||||||| ||und||
082 ## - DEWEY DECIMAL CLASSIFICATION NUMBER
Classification number 331.72
Item number AHM
100 ## - MAIN ENTRY--PERSONAL NAME
Personal name Prof. Saghir Ahmad
245 #0 - TITLE STATEMENT
Title Gateway to successful career & life planning
260 ## - PUBLICATION, DISTRIBUTION, ETC.
Name of publisher, distributor, etc. Kitabistan paper Products
Place of publication, distribution, etc. Lahore
Date of publication, distribution, etc. 2003
300 ## - PHYSICAL DESCRIPTION
Extent 48
546 ## - LANGUAGE NOTE
Language note Eng.
650 ## - SUBJECT ADDED ENTRY--TOPICAL TERM
Topical term or geographic name entry element Management
Form subdivision Introduction, Open letter to Students
942 ## - ADDED ENTRY ELEMENTS (KOHA)
Koha item type BOOK

No items available.

Powered by Koha